Countries with the most Jewish people - Statistics

General Stats
  • This quiz has been taken 87 times
  • The average score is 9 of 10
Answer Stats
Hint Answer % Correct
1 United States of America
100%
2 Israel
99%
5 United Kingdom
98%
3 France
95%
8 Germany
94%
4 Canada
93%
7 Russia
88%
9 Australia
83%
10 Brazil
82%
6 Argentina
70%
No matching quizzes found
Score Distribution
Percent of People with Each Score
Percentile by Number Answered
Your Score History
You have not taken this quiz